Fastest mobile internet countries - Statistics

General Stats
  • This quiz has been taken 42 times
  • The average score is 12 of 15
Answer Stats
mbps Country % Correct
104,98 South Korea
100%
53,31 United States
100%
72,87 Canada
96%
52,73 France
88%
59,61 Sweden
88%
81,14 Australia
85%
81,58 Denmark
85%
63,41 Singapore
85%
94,93 Netherlands
81%
78,57 Switzerland
81%
136,42 United Arab Emirates
81%
96,84 China
77%
91,06 Saudi Arabia
73%
54,00 Taiwan
69%
52,59 Greece
46%
No matching quizzes found
Score Distribution
Percent of People with Each Score
Percentile by Number Answered
Your Score History
You have not taken this quiz